[Event "Barcelona Tancat Sant Marti 3rd"]
[Site "Barcelona"]
[Date "2011.03.09"]
[Round "3.4"]
[White "Quingles Davi, Guillem"]
[Black "Ramirez Llod, Oriol"]
[Result "1-0"]
[WhiteElo "1795"]
[BlackElo "1700"]
[PlyCount "53"]
[EventDate "2011.03.08"]
[EventType "tourn"]
[EventRounds "9"]
[EventCountry "ESP"]
[SourceTitle "EXT 2024"]
[Source "ChessBase"]
[SourceDate "2023.10.10"]
[SourceVersion "1"]
[SourceVersionDate "2023.10.10"]
[SourceQuality "1"]

1. e4 e5 2. f4 d6 3. Nf3 Nc6 4. fxe5 dxe5 5. Bb5 Bd7 6. Nc3 Nf6 7. d3 Bb4 8. Bxc6 Bxc6 9. Nxe5 Ba4 10. Bd2 Qd4 11. Nf3 Qc5 12. Nxa4 Qa5 13. Bxb4 Qxb4+ 14. c3 Qd6 15. e5 Qe6 16. Nc5 Qe7 17. Nxb7 Rb8 18. Qa4+ Nd7 19. Qxa7 0-0 20. 0-0 Nxe5 21. Qc5 Nxf3+ 22. Rxf3 Qe2 23. Qxc7 Qxb2 24. Raf1 Rxb7 25. Rxf7 Rxf7 26. Qc8+ Rf8 27. Qxf8# 1-0